| 000 | 01118nam a2200337 i 4500 | ||
|---|---|---|---|
| 001 | 000014935 | ||
| 003 | DO-SdBNP | ||
| 005 | 20251007104131.0 | ||
| 007 | ta | ||
| 008 | 100127s2006 dr 000 0 spa d | ||
| 020 | _a9993458384 | ||
| 040 |
_aDO-SdBNP _bspa _cBNPHU _erda |
||
| 041 | _aspa | ||
| 082 |
_a461 _bS237m _222 |
||
| 100 | 1 |
_aSantos, Julio de los _eautor _4aut. _91367 |
|
| 245 | 1 | 0 |
_aManual de transcripción fonética del idioma español / _cJulio de los Santos; prólogo, Bartolo García Molina. |
| 264 | 1 |
_aSanto Domingo : _bEditora Centenario, _c2006. |
|
| 300 |
_a228 páginas ; _c21 cm. |
||
| 336 |
_atexto _btxt _2rdacontent |
||
| 337 |
_asin mediación _bn _2rdamedia |
||
| 338 |
_avolumen _bnc _2rdacarrier |
||
| 500 | _aIncluye datos biográficos del autor en las solapas | ||
| 504 | _aBibliográficas p: 223-225 | ||
| 590 | _aInventariado, 2025/ YL | ||
| 650 | 4 |
_aFonética _94031 |
|
| 650 | 4 |
_aEspañol _xFonética _xEjercicios _933808 |
|
| 650 | 4 |
_aOrtografía _xFonética _933809 |
|
| 700 | 1 |
_aGarcía Molina, Bartolo _eprologuista _4pr. _96 |
|
| 910 | _aYlockward | ||
| 942 |
_2ddc _cLBS1 |
||
| 999 |
_c14515 _d14515 |
||